Ιουλιανός : μια βιογραφία
Saved in:
| Main Author: | |
|---|---|
| Other Authors: | |
| Format: | Book |
| Language: | Greek English |
| Published: |
Αθήνα :
Μορφωτικό Ίδρυμα Εθνικής Τραπέζης,
2001.
|
| Subjects: | |
| Tags: |
Add Tag
No Tags, Be the first to tag this record!
|
MARC
| LEADER | 00000cam a2200000 i 4500 | ||
|---|---|---|---|
| 001 | 1/45448 | ||
| 008 | 070604s2001 gr | ||| |||| ||gre|| | ||
| 020 | |a 960250-185 | ||
| 035 | |l 10088121 | ||
| 040 | |a GR-MyUA |b gre |e AACR2 | ||
| 041 | 1 | |a gre |h eng | |
| 082 | 0 | |a 937.08092 |2 (22) | |
| 100 | 1 | |a Αθανασιάδη, Πολύμνια. | |
| 245 | 1 | 0 | |a Ιουλιανός : |b μια βιογραφία / |c Πολύμνια Αθανασιάδη. |
| 260 | |a Αθήνα : |b Μορφωτικό Ίδρυμα Εθνικής Τραπέζης, |c 2001. | ||
| 300 | |a 354 σ. : |b εικ. ; |c 25 εκ. | ||
| 500 | |a Στην ελληνική έκδοση το κείμενο έχει αναθεωρηθεί από τη συγγραφέα | ||
| 500 | |a Τίτλος πρωτοτύπου: Julian. | ||
| 504 | |a Βιβλιογραφία: σ. 331-342. | ||
| 600 | 0 | 0 | |a Ιουλιανός ο Παραβάτης, |d 331-363. |
| 650 | 0 | 0 | |a Hellenism. |
| 650 | 0 | 0 | |a Emperors |z Rome |x Biography. |
| 650 | 0 | 0 | |a Philosophers |z Rome |x Biography. |
| 700 | 1 | |a Κυρίτσης, Δημήτρης, |e trl | |
| 852 | |a INST |b LESVOS |e 20070604 |h 937.08092 ΑΘΑ |p 005100038285 |q 005100038285 |t BK |y 0 | ||
| 901 | |a BIBL1-2007-2 | ||
| 909 | |a Λ |b 135068 | ||
| 922 | |a 1ΕΛΗ |b 200705 |c ΕΠΕΑΕΚ2/ΤΚΑ |d Σ. ΠΑΤΑΚΗΣ | ||
| 970 | |a ΒΑΡΚΑ |b ΕΛΕΥΘΕΡΙΑ |z 2007/06/04 | ||